Συμβουλευτική και επαγγελματικός προσανατολισμός : θεωρία και πράξη

Αποθηκεύτηκε σε:
Λεπτομέρειες βιβλιογραφικής εγγραφής
Άλλοι συγγραφείς: Κασσωτάκης, Μιχάλης Ι. (Επιμελητής έκδοσης)
Μορφή: Βιβλίο
Γλώσσα:Greek
Δημοσίευση: Αθήνα : Τυπωθήτω, 2004.
Θέματα:
Ετικέτες: Προσθήκη ετικέτας
Δεν υπάρχουν, Καταχωρήστε ετικέτα πρώτοι!

MARC

LEADER 00000cam a2200000 a 4500
001 1/117930
008 190129s2004####gr | ||| |||| ||gre||
020 |a 9604020773 
040 |a GR-MyUa  |b gre  |c GR-MyUa  |e AACR2 
041 0 |a gre 
082 7 |a 371.425   |2 (23) 
245 0 0 |a Συμβουλευτική και επαγγελματικός προσανατολισμός :   |b θεωρία και πράξη /   |c Μιχάλης Ι. Κασσωτάκης, επιμέλεια. 
260 |a Αθήνα :   |b Τυπωθήτω,   |c 2004.  
300 |a 658 σ. ;   |c 24 εκ.  
504 |a Περιλαμβάνει βιβλιογραφίες. 
650 0 |a Vocational guidance. 
650 0 |a Educational counseling. 
700 1 |a Κασσωτάκης, Μιχάλης Ι.  |e edt 
852 |a INST  |b SYROS  |c EUDOXUS  |e 20190129  |h 371.425 ΣΥΜ  |p 005500013776  |q 005500013776  |t EDX  |y 0 
920 |a Εύδοξος  |b Παραγγελία  |y Σύρος-ΤΜΣΠΣ  |z 2019-01 
970 |a Κοντού  |b Παρασκευή  |z 29/01/2019